00346 a2200145 4500003000400000005001700004008004100021020001400062040000600076082001900082100002200101245005300123260001600176300000800192OSt20180116182854.0160502b xxu||||| |||| 00| 0 eng d a070850836 c0 a658.4 BUC 1977 aRobert B. Buchele aThe Mangementof Business And Public Organizatons aTokyoc1977 a348